LEADER 01424nam a2200265 u 4500 001 000000013794 003 CaOOAMICUS 005 20070226105705.0 008 941212s1954 gw u000 u ger u 035 $a10328296 040 $aPUL(R)$bita 100 1 $aJacob, Walter.$0(OLS)http://pul/name/9550 245 14$aDie handschriftliche Uberlieferung der sogenannten :$bHistoria tripatria des Epiphanius-Cassiodor /$cvon Walter Jacob. Zum Druck besorgt durch Rudolf Hanslik. 260 $aBerlin :$bAkademie-Verlag,$c1954. 300 $aviii, 180 p. ;$c24 cm 490 1 $aTexte und Untersuchungen zur Geschichte der altchristlichen Literatur ;$v59 500 $aContiene indici. 504 $aBibliografia in nota. 600 14$aCassiodorus Senator, Flavius Magnus Aurelius,$dc. 487-c. 583.$tHistoria ecclesiastica$9(Cassiodorus Senator, Flavius Magnus Aurelius, c. 487-c. 583).$0(OLS)http://pul/subject/9892 830 0$aTexte und Untersuchungen zur Geschichte der altchristlichen Literatur ;$v59.$0(OLS)http://pul/title/1074 850 $aPUL 852 $aPUL$W1$xSL Religione 1$y3$m24 I 59$j19385$nBK-PRI$b $qStampati$B19385$CPULBib$Z2$F19385 $H $81 941 1 $a8 996 $6245$aDie handschriftliche Uberlieferung der sogenannten :$bHistoria tripatria des Epiphanius-Cassiodor$9(OLS)http://pul/title/19862 996 $6260$aBerlin :$bAkademie-Verlag$9(OLS)http://pul/publisher/47843 LEADER 01308nam a2200325 a 4500 001 000000149155 003 CaOOAMICUS 005 20160205133817.0 008 160205s2012 it u000 u ita r 020 $z9788821573736* 032 $aLibriCat 040 $aPUL$bita 082 04$a241.3 100 1 $aMilitello, Cettina.$0(OLS)http://pul/name/24021 245 10$aVirtù e vizi :$btema, contrappunto e variazioni /$cCettina Militello. 260 $aCinisello Balsamo :$bSan Paolo,$c©2012. 300 $a109 p. ;$c18 cm. 490 1 $aNuovi fermenti ;$v97 504 $aInclude riferimenti bibliografici. 650 4$aVizi capitali.$0(OLS)http://pul/subject/38555 650 4$aVirtù morali.$0(OLS)http://pul/subject/39387 830 0$aNuovi fermenti ;$v97.$0(OLS)http://pul/title/146665 850 $aPUL 852 $aPUL$W1$xSL Religione 3$y85$m241. 3 MILCE 1$j171822$qDDC 21$B173386$CPULBib$Z2$F173386 $H126986 $81 941 1 $a9 996 $6020$z9788821573736*$9(OLS)http://pul/number/159556 996 $6082$a241.3$9(OLS)http://pul/classification/2212 996 $6245$aVirtù e vizi :$btema, contrappunto e variazioni$9(OLS)http://pul/title/188065 996 $6260$aCinisello Balsamo :$bSan Paolo$9(OLS)http://pul/publisher/54577